Normal view
MARC view
Entry Topical Term
001 - CONTROL NUMBER
- control field: 28601
003 - CONTROL NUMBER IDENTIFIER
- control field: ARRUPE
005 - DATE AND TIME OF LATEST TRANSACTION
- control field: 20170207162625.0
008 - FIXED-LENGTH DATA ELEMENTS
- fixed length control field: 170207|| aca||aabn | a|a d
040 ## - CATALOGING SOURCE
- Original cataloging agency: ARRUPE
- Transcribing agency: ARRUPE
150 ## - HEADING--TOPICAL TERM
- Topical term or geographic name as entry element: Peace-building
- Geographic subdivision: Africa
- General subdivision: Evaluation
- Form subdivision: Congresses.
670 ## - SOURCE DATA FOUND
- Source citation: Work cat.: (ARRUPE)0: Action-Reflection Seminar (2nd : 2001 : Naivasha, Kenya) 28600, Strategic and responsive evaluation of peacebuilding :, c2002.